Normal view
MARC view
Entry Personal Name
001 - CONTROL NUMBER
- control field: 20791
003 - CONTROL NUMBER IDENTIFIER
- control field: dpl
005 - DATE AND TIME OF LATEST TRANSACTION
- control field: 20100920140812.0
008 - FIXED-LENGTH DATA ELEMENTS
- fixed length control field: 100920|||a|||||| | ||| d
040 ## - CATALOGING SOURCE
- Original cataloging agency: dpl
- Transcribing agency: dpl
100 ## - HEADING--PERSONAL NAME
- Personal name: Gulab Singh
670 ## - SOURCE DATA FOUND
- Source citation: Work cat.: (dpl): Gulab Singh 17891, Saang - nall Damyanti pt.1,2 / , 1985
670 ## - SOURCE DATA FOUND
- Source citation: Work cat.: (dpl): Gulab Singh 17891, Saang - nall Damyanti pt.1,2 / , 1985
